| 000 | 00833nam a2200241Ia 4500 | ||
|---|---|---|---|
| 003 | OSt | ||
| 005 | 20250411104339.0 | ||
| 008 | 191128s1996 mx er 000 f spa d | ||
| 020 | _a9682110726 | ||
| 040 |
_aCO-JMCR _cCO-JMCR |
||
| 041 | _aspa | ||
| 082 | 0 | 4 |
_aA-N _bCHAs |
| 100 | 1 |
_aChavarría, Daniel, _d1933 _eautor _96585 |
|
| 245 | 1 | 3 |
_aLa sexta isla / _cDaniel Chavarría |
| 250 | _aPrimera edición | ||
| 260 |
_aMéxico : _bRoca, _c©1996 |
||
| 300 |
_a374 páginas ; _c21 cm. |
||
| 490 | 0 | _aLa llave de cristal | |
| 500 | _aIncluye biográfia del autor solapa trasera | ||
| 520 | _a¿Cómo es posible que puedan conectarse los destinos de un alto ejecitivo de la ITT, un pirata holandes del siglo XVII y de un húerfano uruguayo obstinado por encontrar a Dios? | ||
| 650 | 0 | 4 |
_aNovela Uruguaya _96586 |
| 942 |
_2ddc _cBK |
||
| 999 |
_c3767 _d3767 |
||